SLA and the emergence of creoles /

সংরক্ষণ করুন:
গ্রন্থ-পঞ্জীর বিবরন
প্রধান লেখক: Mufwene, Salikoko.
বিন্যাস: প্রবন্ধ
ভাষা:English
বিষয়গুলি:
ট্যাগগুলো: ট্যাগ যুক্ত করুন
কোনো ট্যাগ নেই, প্রথমজন হিসাবে ট্যাগ করুন!
Thư viện lưu trữ: Thư viện Trường Đại học Đà Lạt
LEADER 00734nam a2200253 4500
001 DLU110129559
005 ##20111223
040 # # |a DLU  |b eng 
041 # # |a eng 
044 # # |a uk 
100 # # |a Mufwene, Salikoko.  
245 # # |a SLA and the emergence of creoles /  |c Salikoko Mufwene. 
653 # # |a Linguistics 
653 # # |a Second language learning 
773 # # |t Studies in Second Language Acquisition  |g Vol. 32, no. 3 (September 2010), p. 359-400 
920 # # |a Phòng Tạp chí -- Trung tâm Thông tin - Thư viện Trường Đại học Đà Lạt 
994 # # |a DLU 
900 # # |a True 
911 # # |a Trương Bảo Trâm Anh 
925 # # |a G 
926 # # |a A 
927 # # |a BB 
980 # # |a Thư viện Trường Đại học Đà Lạt